01346nam a2200133 4500008001000000020001800010082001600028100010000044245001900144260005200163300003900215505084700254650011101101707 A533a a9788461776634 a707 bA533a aArriola, Aimar, Garín, Nancy, Valdés, Linda (edición), Sarriugarte, Danele (traducción) aAnarchivo SIDA aPaís VascobArtes Gráficas Lorea S.L.c2017 a248 p.bill. (col)c23.5 x 16.5 cm tUn bosque, Pablo BerásteguitVisibilizar lo olvidado, Ane Rodríguez ArmendariztUna introducción, Equipo retAbout Blank, Franco BerarditUn abrazo en Anarchivo SIDA, Julen ZabalatLos registros del silencio, Sejo CarrascoatANIMALtLa palabra hecha sudadera Hezkuntza / Mediación (Tabakalera)tMUERTEtDererumnatura, Miguel BenllochtDaer Jon, Aimar Pérez GalítJon GreenbergtTrue in my body, Jesús JaletontSALUDtS.I. Performance duracional One by One, Quimera Rosatsalud/saber/poder, Josebe Iturrioz / MedeaktDispositivo de la sala, Carmen NogueiratEl anarchivo expiatorio, Harkaitz CanotUn anarchivo..., Duen Xara SacchitSuaves se revelan, ásperas cuidan, todas de tocan..., Laura ValléstEroticising the archive: AIDS Anarchive at Tabakalera, María Iñigo ClavotBiografíastEnglish translationstCréditos xarte investigaciónxarte prácticas estéticasxarte representacionesxarte SIDAxPolíticas sociales